| 000 | 00846nas a2200289 4500 | ||
|---|---|---|---|
| 001 | BR0201068 | ||
| 003 | BR-BrBNA | ||
| 005 | 20231205102802.0 | ||
| 007 | ta | ||
| 008 | 230509b bl.|||p| |||| 00| 00por d | ||
| 040 |
_aBR-BrBNA _bpor _cBiblioteca Nacional de Agricultura |
||
| 041 | _a(Pt) | ||
| 072 | _aQ04 | ||
| 100 | 1 | _aRibeiro, R.C. de M.S. | |
| 100 | 1 | _aBorém, F.M. | |
| 100 | 1 | _aCorrêa, P.C. | |
| 100 | 1 | _aRibeiro, D.M. | |
| 100 | 1 | _aResende, O. | |
| 245 | 1 | _aPorosidade e massa específica de cinco variedades de café cereja descascado | |
| 650 | _aCAFÉ | ||
| 650 | _aPOROSIDADE | ||
| 650 | _aMASSA | ||
| 650 | _aMODELO MATEMÁTICO | ||
| 773 | 0 |
_tRevista Brasileira de Armazenamento (Brazil) _xISSN 0100-3518 _g(2001), (no. 3) p. 54-61 _wBR0201068 |
|
| 909 |
_a202311 _bLúcia _c55 _dLúcia Elande |
||
| 942 |
_2AGRIS _n0 _cANA |
||
| 999 |
_c169309 _d169309 |
||